| 000 | 01493cam a22003974a 4500 | ||
|---|---|---|---|
| 001 | 13462864 | ||
| 003 | OSt | ||
| 005 | 20160915173402.0 | ||
| 008 | 040120s2004 ii a b 001 0 eng | ||
| 010 | _a 2004001250 | ||
| 020 | _a0-7619-3207-0 (UShbk.) | ||
| 020 | _a0-7619-3208-9 (USpbk.) | ||
| 020 | _a81-7829-324-2 (Indiahbk.) | ||
| 020 | _a81-7829-325-0 (indiapbk.) | ||
| 040 |
_aDLC _cDLC _dDLC |
||
| 042 | _apcc | ||
| 050 | 0 | 0 |
_aRA643.8 _b.M38 2004 |
| 082 | 0 | 0 |
_aDC 362.1969792 _22004 _bM19s |
| 100 | 1 | _aMcKee, Neill. | |
| 245 | 1 | 0 |
_aStrategic communication in the HIV/AIDS epidemic / _cNeill McKee, Jane T. Bertrand, Antje Becker-Benton. |
| 260 |
_aNew Delhi ; _aThousand Oaks, CA : _bSAGE Publications, _c2004. |
||
| 300 |
_a351 pages : _billustrations ; _c25 cm. |
||
| 365 |
_b3,970.00 _cPhp |
||
| 504 | _aIncludes bibliographical references (p. [312]-332) and index. | ||
| 650 | 0 |
_aAIDS (Disease) _xPrevention. |
|
| 650 | 0 | _aHealth behavior. | |
| 650 | 0 | _aHealth education. | |
| 650 | 0 | _aCommunication in medicine. | |
| 700 | 1 | _aBertrand, Jane T. | |
| 700 | 1 | _aBecker-Benton, Antje. | |
| 856 | 4 | 1 |
_3Table of contents only _uhttp://www.loc.gov/catdir/toc/ecip0413/2004001250.html |
| 856 | 4 | 2 |
_3Publisher description _uhttp://www.loc.gov/catdir/enhancements/fy0657/2004001250-d.html |
| 906 |
_a7 _bcbc _corignew _d1 _eecip _f20 _gy-gencatlg |
||
| 942 |
_2ddc _cDC |
||
| 999 |
_c4532 _d4532 |
||